Une figure célèbre du XX siècle, un pays - Statistiques

Statistiques générales
  • Ce quiz a été pris 194 fois
  • Le résultat moyen est 11 sur 13
Statistiques - réponses
Hint Réponse % Correct
Ghandi Inde
99%
Martin Luther King États-Unis
98%
Nelson Mandela Afrique du sud
97%
Pablo Picasso Espagne
96%
Jean Jaurès France
96%
Albert Einstein Allemagne
94%
Winston Churchill Angleterre
93%
Diego Maradona Argentine
92%
Marie Curie Pologne
83%
Sigmund Freud Autriche
82%
Gamal Abdel Nasser Égypte
68%
Joachim Maria Machado de Assis Brésil
55%
Daw Aung San Suu Kyi Birmanie
39%
Aucun quiz correspondant
Distribution des résultats
% des personnes avec chaque résultat
Percentile par nombre de réponses
Votre historique - résultats
Vous n’avez pas pris ce quiz